| 000 | 01279cam a22003375a 4500 | ||
|---|---|---|---|
| 999 |
_c330792 _d330792 |
||
| 001 | 15180371 | ||
| 003 | NUST | ||
| 005 | 20170807115947.0 | ||
| 008 | 080214r20041873pk a 000 0 eng | ||
| 010 | _a 2008328229 | ||
| 020 | _c9799693516639 | ||
| 020 | _a969351663X | ||
| 025 | _aP-E-2008328229; 20 | ||
| 040 |
_aDLC _cDLC |
||
| 042 | _alcode | ||
| 043 | _aa-ii--- | ||
| 082 |
_a954.9145 _bHEN |
||
| 100 | 1 |
_aHenderson, George, _cM.D. _93809 |
|
| 245 | 1 | 0 |
_aLahore to Yarkand : _bincidents of the route and natural history of the countries traversed by the expedition of 1870, under T.D. Forsyth / _cby George Henderson and Allan O. Hume. |
| 260 |
_aLahore : _bSang-e-Meel Publications, _c2004. |
||
| 300 |
_a338 p. : _bill. (some col.) ; _c24 cm. |
||
| 500 | _aReprint. Originally published: London : L. Reeve, 1873. | ||
| 650 | 0 |
_aScientific expeditions. _93810 |
|
| 650 | 0 |
_aNatural history _zIndia. _93811 |
|
| 650 | 0 |
_aNatural history _zChina _zXinjiang Uygur Zizhiqu. _93812 |
|
| 651 | 0 |
_aIndia _xDescription and travel. _93320 |
|
| 651 | 0 |
_aXinjiang Uygur Zizhiqu (China) _xDescription and travel. _93796 |
|
| 700 | 1 |
_aHume, Allan Octavian, _d1829-1912. _93813 |
|
| 700 | 1 |
_aForsyth, Thomas Douglas, _cSir, _d1827-1886. _93814 |
|
| 906 |
_a7 _bibc _corigode _d3 _encip _f20 _gy-gencatlg |
||
| 942 |
_2ddc _cBK |
||